| 000 | 00697nam a22002537a 4500 | ||
|---|---|---|---|
| 005 | 20250909150949.0 | ||
| 008 | 160415b2011 xxu||||| |||| 00| 0 spa d | ||
| 020 | _a9789682474583 | ||
| 041 | _aESP | ||
| 082 | _a616.858.82 B724a | ||
| 100 |
_aBoom Díaz de León, Margriet _98011 |
||
| 100 |
_aAguilar Cobos, Luis Carlos _98012 |
||
| 245 | _aAutismo y psicosis infantiles: una alternativa para su tratamiento | ||
| 260 | _aMéxico | ||
| 260 | _bEditorial Trillas | ||
| 260 | _c2011 | ||
| 300 | _a185 páginas | ||
| 490 | _aTemática General | ||
| 650 | _aAUTISMO | ||
| 650 | _aTRASTORNOS DEL DESARROLLO | ||
| 650 | _aPSIQUIATRÍA INFANTIL | ||
| 650 | _aPSICOSIS | ||
| 942 |
_cBK _2ddc |
||
| 999 |
_c7960 _d7960 |
||